From Manila with love: A balikbayan story (Record no. 365007)
[ view plain ]
| 000 -LEADER | |
|---|---|
| fixed length control field | 00557nam a22001697a 4500 |
| 003 - CONTROL NUMBER IDENTIFIER | |
| control field | 0 |
| 005 - DATE AND TIME OF LATEST TRANSACTION | |
| control field | 20230619100219.0 |
| 008 - FIXED-LENGTH DATA ELEMENTS--GENERAL INFORMATION | |
| fixed length control field | 230619b xxu||||| |||| 00| 0 eng d |
| 020 ## - INTERNATIONAL STANDARD BOOK NUMBER | |
| International Standard Book Number | 978-971-630-183-0 |
| 082 ## - DEWEY DECIMAL CLASSIFICATION NUMBER | |
| Classification number | Fil. 372.40834 |
| Item number | .Ca236 2015 |
| 245 ## - TITLE STATEMENT | |
| Title | From Manila with love: A balikbayan story |
| Statement of responsibility, etc | Capelle, Amy Luna |
| 260 ## - PUBLICATION, DISTRIBUTION, ETC. (IMPRINT) | |
| Place of publication, distribution, etc | Manila |
| Name of publisher, distributor, etc | Tahanan Books for Young Readers |
| Date of publication, distribution, etc | c2015 |
| 300 ## - PHYSICAL DESCRIPTION | |
| Extent | 24pp. |
| Other physical details | col. ill. |
| Dimensions | 23cm. |
| 500 ## - GENERAL NOTE | |
| General note | Readers (Elementary). |
| 500 ## - GENERAL NOTE | |
| General note | Manila (Philippines)-Description and travel-Juvenile fiction. |
| 942 ## - ADDED ENTRY ELEMENTS (KOHA) | |
| Source of classification or shelving scheme | Dewey Decimal Classification |
| Koha item type | Books |
| Withdrawn status | Lost status | Source of classification or shelving scheme | Damaged status | Home library | Current library | Shelving location | Date acquired | Source of acquisition | Sub Shelving location | Total Checkouts | Full call number | Barcode | Date last seen | Price effective from | Koha item type |
|---|---|---|---|---|---|---|---|---|---|---|---|---|---|---|---|
| Dewey Decimal Classification | Munich Library | Munich Library | Filipiniana Section | 06/19/2023 | Library Fund | Fil. 372.40834 Ca236 2015 | M8330 | 06/19/2023 | 06/19/2023 | Books |